000 00729nam a2200253 a 4500
005 20210219153127.0
008 991125n 000 0 u
035 _aUPN01000079167
100 _aBhushan, Ravi
222 0 _aJOURNAL OF YOUTH AND ADOLESCENCE
245 0 _aFamily types and communication with parents : a comparison of youth at different identity levels
300 _a687-697
362 _a21, No. 6, 1992
505 _aJulio 1993
653 0 _aCARACTERISTICAS DE LA FAMILIA
653 0 _aCOMUNICACION
653 0 _aESTUDIANTES EN EL COLEGIO
653 0 _aJOVENES
653 0 _aMASCULINO
653 0 _aRELACION PADRE-HIJO
700 _aShirali, K. A.
904 _aAC
_b016978
905 _aArticulo
999 _c68955
_d68955